Т. 1 (текст); Геология юго-восточной части Западно-Сибирского артезианского бассейна и его палеозойского обрамления

Detalles Bibliográficos
Parent link:Геология юго-восточной части Западно-Сибирского артезианского бассейна и его палеозойского обрамления: Диссертация на соискание ученой степени кандидата геолого-минералогических наук/ Ю. К. Смоленцев; Западно-Сибирский научно-исследовательский геологоразведочный нефтяной институт (ЗапСибНИГНИ) ; науч. рук. В. А. Нуднер. Т. 1 (текст).— , 1967
Idioma:ruso
Publicado: 1967
Subjects:
Formato: MixedMaterials Libro
KOHA link:https://koha.lib.tpu.ru/cgi-bin/koha/opac-detail.pl?biblionumber=142727

MARC

LEADER 00000nbm0a2200000 4500
001 142727
005 20231031142837.0
035 |a (RuTPU)RU\TPU\book\154676 
090 |a 142727 
100 |a 20080911d1967 k y0rusy50 ca 
101 0 |a rus 
102 |a RU 
105 |a a m 001zy 
200 0 |a Т. 1 (текст) 
210 |d 1967 
215 |a 374 л.  |c ил. 
320 |a Библиогр.: с. 326-374. 
461 |t Геология юго-восточной части Западно-Сибирского артезианского бассейна и его палеозойского обрамления  |o Диссертация на соискание ученой степени кандидата геолого-минералогических наук  |f Ю. К. Смоленцев  |g Западно-Сибирский научно-исследовательский геологоразведочный нефтяной институт (ЗапСибНИГНИ) ; науч. рук. В. А. Нуднер  |v Т. 1 (текст)  |d 1967 
610 1 |a диссертации 
610 1 |a артезианский бассейн 
610 1 |a гидрогеология 
610 1 |a палеозойские обрамления 
610 1 |a Западно-Сибирский бассейн 
610 1 |a гидрогеологические исследования 
610 1 |a физико-географические исследования 
610 1 |a геологический очерк 
610 1 |a подземные воды 
610 1 |a гидрогеологическое районирование 
610 1 |a Томский гидрогеологический массив 
610 1 |a поверхностные воды 
610 1 |a геохимия 
610 1 |a зональность 
675 |a 551.49(04)  |v 3 
675 |a 551.73(04)  |v 3 
801 1 |a RU  |b 63413507  |c 20080911  |g PSBO 
801 2 |a RU  |b 63413507  |c 20101229  |g PSBO 
942 |c BK